<?xml version="1.0" encoding="UTF-8"?>
<marc:record xmlns:marc="http://www.loc.gov/MARC21/slim">
   <marc:leader>00000nam a2200000 a 4500</marc:leader>
   <marc:datafield ind1="1" ind2=" " tag="100">
      <marc:subfield code="a">Kruckeberg, Katja</marc:subfield>
      <marc:subfield code="4">aut</marc:subfield>
      <marc:subfield code="e">Verfasser/-in</marc:subfield>
   </marc:datafield>
   <marc:datafield ind1="1" ind2=" " tag="100">
      <marc:subfield code="a">Kruckeberg, Jolanda</marc:subfield>
   </marc:datafield>
   <marc:datafield ind1=" " ind2=" " tag="653">
      <marc:subfield code="a">Fiktionale Darstellung</marc:subfield>
   </marc:datafield>
   <marc:datafield ind1=" " ind2=" " tag="653">
      <marc:subfield code="a">Erzählende Literatur: Gegenwartsliteratur ab 1945</marc:subfield>
   </marc:datafield>
   <marc:datafield ind1=" " ind2=" " tag="653">
      <marc:subfield code="a">Ikigai</marc:subfield>
   </marc:datafield>
   <marc:datafield ind1=" " ind2=" " tag="653">
      <marc:subfield code="a">Sinnsuche</marc:subfield>
   </marc:datafield>
   <marc:datafield ind1=" " ind2=" " tag="653">
      <marc:subfield code="a">japanische Weisheit</marc:subfield>
   </marc:datafield>
   <marc:datafield ind1=" " ind2=" " tag="653">
      <marc:subfield code="a">Heilungsreise</marc:subfield>
   </marc:datafield>
   <marc:datafield ind1=" " ind2=" " tag="653">
      <marc:subfield code="a">ostasiatische Weisheit. Ostasiatische Philosophie</marc:subfield>
   </marc:datafield>
   <marc:datafield ind1=" " ind2=" " tag="653">
      <marc:subfield code="a">Lebenskrise</marc:subfield>
   </marc:datafield>
   <marc:datafield ind1=" " ind2=" " tag="653">
      <marc:subfield code="a">japanische Lebenskunst</marc:subfield>
   </marc:datafield>
   <marc:datafield ind1="0" ind2="0" tag="245">
      <marc:subfield code="a">Der Japanische Garten</marc:subfield>
   </marc:datafield>
   <marc:datafield ind1="0" ind2="0" tag="245">
      <marc:subfield code="b">eine Erzählung über Ikigai und die Quellen des Sinns</marc:subfield>
   </marc:datafield>
   <marc:datafield ind1="0" ind2="0" tag="245">
      <marc:subfield code="c">Kruckeberg, Katja</marc:subfield>
   </marc:datafield>
   <marc:datafield ind1=" " ind2="1" tag="264">
      <marc:subfield code="a">München</marc:subfield>
      <marc:subfield code="b">Scorpio Verlag</marc:subfield>
      <marc:subfield code="c">2026</marc:subfield>
   </marc:datafield>
   <marc:datafield ind1=" " ind2=" " tag="250">
      <marc:subfield code="a">1. Auflage</marc:subfield>
   </marc:datafield>
   <marc:datafield ind1="1" ind2=" " tag="520">
      <marc:subfield code="a">Mitunter genügt ein Schritt ins Unbekannte – und das Leben beginnt sich neu zu ordnen.&#xD;
Genau das geschieht Jonas. Erfolgreich, erschöpft und innerlich leer flüchtet er eines Morgens in Berlin aus einem neonbeleuchteten Konferenzraum – aus einem Leben, das sich plötzlich falsch und hohl anfühlt. Ein rotes Tor führt ihn an einen Ort, der nicht auf Plänen existiert. Einen japanischen Garten inmitten der Stadt. Ohne Handy, aber mit drei Fragen, die nach und nach alles verändern:&#xD;
Was erfüllt Dich heute mit Freude und Sinn?&#xD;
Wem dient, was Du tust?&#xD;
Was lässt Du jetzt dafür los?&#xD;
Ohne es zu ahnen, begegnet Jonas auf seinem Weg durch den Garten der uralten japanischen Lehre des Ikigai – jenem leisen Gefühl, das dem Leben Sinn und Schwung verleiht.&#xD;
Bis er sein Handy zurückbekommt und ein Anruf alles verändert.&#xD;
Eine soghafte, poetische Erzählung über das Wiederankommen bei sich selbst in einer lauten Welt. &#xD;
&#xD;
"Der Japanische Garten ist die Auftakterzählung der Japanischen Trilogie. Jeder Band steht für sich und entfaltet seine eigene Welt und seinen eigenen Zauber."&#xD;
Murielle Rousseau, Universitätsdozentin und Unternehmerin</marc:subfield>
   </marc:datafield>
   <marc:datafield ind1=" " ind2=" " tag="020">
      <marc:subfield code="a">9783958036659</marc:subfield>
      <marc:subfield code="9">9783958036659</marc:subfield>
   </marc:datafield>
   <marc:datafield ind1=" " ind2=" " tag="020">
      <marc:subfield code="a">3958036651</marc:subfield>
      <marc:subfield code="9">3958036651</marc:subfield>
   </marc:datafield>
   <marc:datafield ind1=" " ind2=" " tag="041">
      <marc:subfield code="a">ger</marc:subfield>
   </marc:datafield>
   <marc:datafield ind1=" " ind2=" " tag="300">
      <marc:subfield code="b">Illustrationen</marc:subfield>
   </marc:datafield>
   <marc:datafield ind1=" " ind2=" " tag="338">
      <marc:subfield code="a">Band</marc:subfield>
   </marc:datafield>
   <marc:datafield ind1=" " ind2=" " tag="300">
      <marc:subfield code="a">140 Seiten</marc:subfield>
   </marc:datafield>
</marc:record>
